000 01004nac a22003137a 4500
001 BR7310456
003 BR-BrBNA
005 20240105113610.0
008 230509b bl.|||m| |||| 00| 0 por d
040 _aBR-BrBNA
_bpor
_cBiblioteca Nacional de Agricultura
072 _aL00; E50; E70
090 _a5212 BR7310456
100 1 _aFaria, W. de
110 1 _aUniversidade de Sao Paulo, Sao Paulo (Brasil). Inst. de Geografia
_910547
245 1 _aA atividade pecuaria e a vida urbana em Barretos [Demografia; Taxa de crescimento; Comercio interno; Sao Paulo; Brasil]
260 3 _aSao Paulo, SP (Brasil):
_c1973.
300 _a28 p.
490 _aCaderno de Ciencias da Terra (Brazil)
_vno. 44
_x
500 _a21 ref.
650 _aPECUARIA
650 _aDEMOGRAFIA
650 _aNIVEL DE VIDA
650 _aSINDICATO
650 _aTAXA DE CRESCIMENTO
650 _aCOMERCIO INTERNO
650 _aSAO PAULO
909 _a202312
_bLúcia Elande
_c55
_dLúcia Elande
942 _2AGRIS
_n0
_cMS
999 _c264603
_d264603